000 00967nam0a22002291i 4500
001 rc\616924
005 20240726094614.0
035 _a(NLR Aleph) 005860100
090 _a5869520
_c5869520
100 _a20031121d1986 u |0rusy50 ca
101 0 _arus
102 _aRU
105 _ay |||||||||
200 1 _aТолстокишечный способ коррекции обменных процессов в плановой абдоминальной хирургии
_e(Клинико-эксперим. исслед.)
_eАвтореф. дис. на соиск. учен. степ. канд. мед. наук
_e(14.00.27)
_fУкр. ин-т усоверш. врачей
210 _aХарьков
_d1986
215 _a15, [1] с.
320 _aБиблиогр. в конце текста (9 назв.)
700 1 _aБин Талиб
_bА.К.
_gАли Карама
801 0 _aRU
_bNLR
_gpsbo
801 1 _aRU
_bELAR
_2rusmarc
852 _aNLR
_jА86/11074
942 _cBOOK